Statistics for Gary Numan Studio Albums

Click here to take the quiz!

General Stats

  • This quiz has been taken 7 times
  • The average score is 10 of 22

Answer Stats

HintAnswer% Correct
1979The Pleasure Principle
100%
1981Dance
83%
1982I,Assassin
83%
2021Intruder
83%
1979Replicas
83%
1980Telekon
83%
1978Tubeway Army
83%
1983Warriors
83%
1984Berserker
50%
2011Dead Son Rising
33%
1997Exile
33%
1991Outland
33%
2000Pure
33%
2017Savage
33%
1985The Fury
33%
2006Jagged
17%
1994Sacrifice
17%
2013Splinter
17%
1986Strange Charm
17%
1989Automatic
0%
1992Machine+Soul
0%
1988Metal Rhythm
0%

Score Distribution

Percentile by Number Answered

Percent of People with Each Score

Your Score History

You have not taken this quiz